Normal view MARC view

Entry Personal Name

Number of records used in: 1

001 - CONTROL NUMBER

  • control field: 12743

003 - CONTROL NUMBER IDENTIFIER

  • control field: NUST

005 - DATE AND TIME OF LATEST TRANSACTION

  • control field: 20181220065342.0

008 - FIXED-LENGTH DATA ELEMENTS

  • fixed length control field: 181220|| aca||aabn | a|a d

040 ## - CATALOGING SOURCE

  • Original cataloging agency: NUST
  • Transcribing agency: NUST

100 ## - HEADING--PERSONAL NAME

  • Personal name:
  • General subdivision: Computational engineering

670 ## - SOURCE DATA FOUND

  • Source citation: Work cat.: (NUST): Saba Farooq Balouch. Supervisor : Dr. Mian Ilyas Ahmad 12742, MS/Thesis: A Markov- Based Framework For Handover Process in Heterogeneous Networks / , Nov,2018.
© 2023 Central Library, National University of Sciences and Technology. All Rights Reserved.